| 000 | 01228nam a22003497a 4500 | ||
|---|---|---|---|
| 001 | 0059631 | ||
| 003 | KOHA_MİRAKIL | ||
| 005 | 20260207004235.0 | ||
| 007 | ta | ||
| 008 | 161129b2011 tu |||gr||||#0|||1|tur | | ||
| 020 | _a9789751623843 | ||
| 040 |
_aTR-BiSEU _btur _cTR-BiSEU _erda |
||
| 041 | 0 | _atur | |
| 044 | _ctu | ||
| 050 |
_aPL166.5 _b.O95 2011 |
||
| 100 | 1 | _aÖzkan, Bülent. | |
| 245 | 1 |
_aTürkiye türkçesinde belirteçlerle fiilerin birlikte kullanılması ve eş dizimlilikleri : _bderlem tabanlı bir uygulama/ _cBülent Özkan ; Bülent Özkan. |
|
| 264 | 1 |
_aAnkara : _bAKDTYK Türk Dil Kurumu _c2011 |
|
| 300 |
_a467 s. ; _c24 cm. |
||
| 336 |
_ametin _btxt _2rdacontent |
||
| 337 |
_aaracısız _bn _2rdamedia |
||
| 338 |
_acilt _bnc _2rdacarrier |
||
| 490 | 0 | _a Atatürk Kültür, Dil ve Tarih Yüksek Kurumu Türk Dil Kurumu Yayınları :1031 | |
| 500 | _aKaynakça ve dizin var. | ||
| 650 | 0 |
_aTürk dili -- Dilbilgisi. _9110292 |
|
| 650 | 0 |
_aTurkish language -- Linguistics. _9110293 |
|
| 650 | 0 |
_aGramer. _9110294 |
|
| 650 | 0 |
_aDil. _91577 |
|
| 830 | 0 |
_a Atatürk Kültür, Dil ve Tarih Yüksek Kurumu Türk Dil Kurumu Yayınları :1031 _9110295 |
|
| 907 | _aDil | ||
| 942 |
_2lcc _cBK |
||
| 999 |
_c59435 _d59435 |
||